000
00288nam a2200133Ia 4500
008
231017s9999 xx 000 0 und d
082
_a
388.42
082
_b
TEN
245
0
_a
Research Results Digest 82 - Apr 2007
245
0
_c
TRB
260
_b
TRB
300
_c
30cm
942
_c
REP
999
_c
604224
_d
604224